Методика проектирования технологического процесса получения газотермических покрытий с использованием компьютерных технологий; Новые материалы. Создание, структура, свойства - 2005

Бібліографічні деталі
Parent link:Новые материалы. Создание, структура, свойства - 2005.— 2005.— С. 170-172
Автор: Куликова В. Г.
Інші автори: Зенин Б. С. Борис Сергеевич, Мячин Ю. В. Юрий Владимирович
Мова:Російська
Опубліковано: 2005
Предмети:
Формат: MixedMaterials Частина з книги
KOHA link:https://koha.lib.tpu.ru/cgi-bin/koha/opac-detail.pl?biblionumber=295126

MARC

LEADER 00000naa2a2200000 4500
001 295126
005 20240123135712.0
035 |a (RuTPU)RU\TPU\book\320202 
035 |a RU\TPU\book\239512 
090 |a 295126 
100 |a 20150520d2005 k y0rusy50 ca 
101 0 |a rus 
102 |a RU 
200 1 |a Методика проектирования технологического процесса получения газотермических покрытий с использованием компьютерных технологий  |f В. Г. Куликова, Б. С. Зенин, Ю. В. Мячин 
320 |a Библиогр.: с. 172 (5 назв.) 
463 0 |0 (RuTPU)RU\TPU\book\118409  |t Новые материалы. Создание, структура, свойства - 2005  |o труды V Всероссийской школы-семинара, Томск, 16-18 июня 2005 г.  |f Сибирское отделение РАН  |v С. 170-172  |d 2005  |p 246 с. 
610 1 |a труды учёных ТПУ 
700 1 |a Куликова  |b В. Г. 
701 1 |a Зенин  |b Б. С.  |c специалист в области материаловедения  |c доцент Томского политехнического университета, кандидат физико-математических наук  |f 1942-  |g Борис Сергеевич  |3 (RuTPU)RU\TPU\pers\29010 
701 1 |a Мячин  |b Ю. В.  |c специалист в области материаловедения  |c ассистент кафедры Томского политехнического университета  |f 1976-  |g Юрий Владимирович  |3 (RuTPU)RU\TPU\pers\26545  |9 12234 
801 1 |a RU  |b 63413507  |c 20120706 
801 2 |a RU  |b 63413507  |c 20151217  |g RCR 
942 |c BK